LEADER 01666nam0 2200397 i 450 001 VAN00133397 005 20240806100839.457 017 70$2N$a9783662445327 100 $a20210412d2015 |0itac50 ba 101 $aeng 102 $aDE 105 $a|||| ||||| 200 1 $aMagnetic Microscopy of Layered Structures$fWolfgang Kuch ?$bet al.] 210 $aBerlin$aHeidelberg$cSpringer$d2015 215 $axi, 246 p.$cill.$d24 cm 410 1$1001VAN00132874$12001 $aSpringer Series in Surface Sciences$1210 $aBerlin [etc.]$cSpringer$v57 500 1$3VAN00134214$aMagnetic Microscopy of Layered Structures$91771413 606 $a00A79 (77-XX)$xPhysics [MSC 2020]$3VANC023182$2MF 606 $a74-XX$xMechanics of deformable solids [MSC 2020]$3VANC022466$2MF 610 $aLayered structures$9KW:K 610 $aMagnetic domain imaging$9KW:K 610 $aMagnetic thin films and multilayers$9KW:K 610 $aMicromagnetism$9KW:K 610 $aMicroscopy$9KW:K 620 $dBerlin$3VANL000066 620 $aDE$dHeidelberg$3VANL000282 702 1$aKuch$bWolfgang$3VANV107132 712 $aSpringer $3VANV108073$4650 801 $aIT$bSOL$c20241115$gRICA 856 4 $uhttp://doi.org/10.1007/978-3-662-44532-7$zhttp://doi.org/10.1007/978-3-662-44532-7 899 $aBIBLIOTECA DEL DIPARTIMENTO DI MATEMATICA E FISICA$1IT-CE0120$2VAN08 912 $fN 912 $aVAN00133397 950 $aBIBLIOTECA DEL DIPARTIMENTO DI MATEMATICA E FISICA$d08DLOAD e-book 2243 $e08eMF2243 20210412 996 $aMagnetic Microscopy of Layered Structures$91771413 997 $aUNICAMPANIA LEADER 01961nam0 22004693i 450 001 VAN00282643 005 20241213013817.252 017 70$2N$a9783030542306 100 $a20241107d2021 |0itac50 ba 101 $aeng 102 $aCH 105 $a|||| ||||| 181 $ai$b e 182 $ab 200 1 $aMoon First and Mars Second$eA Practical Approach to Human Space Exploration$fAllyson Reneau 210 $aCham$cInternational Space University$cSpringer$d2021 215 $axvii, 104 p.$cill.$d24 cm 410 1$1001VAN00118864$12001 $aSpringerBriefs in Space Development$1210 $aCham [etc.]$cSpringer 606 $a00A79 (77-XX)$xPhysics [MSC 2020]$3VANC023182$2MF 606 $a85-XX$xAstronomy and Astrophysics [MSC 2020]$3VANC023246$2MF 606 $a85A20$xPlanetary atmospheres [MSC 2020]$3VANC036146$2MF 610 $aInternational lunar cooperation$9KW:K 610 $aLunar Environment$9KW:K 610 $aLunar exploration$9KW:K 610 $aLunar habitats$9KW:K 610 $aMars Exploration$9KW:K 610 $aMars colonization$9KW:K 610 $aMissions to the moon$9KW:K 610 $aUS space policy$9KW:K 610 $alunar colonization$9KW:K 620 $aCH$dCham$3VANL001889 700 1$aReneau$bAllyson$3VANV235507$01220944 712 $aInternational Space University$3VANV115211$4650 712 $aSpringer $3VANV108073$4650 801 $aIT$bSOL$c20241220$gRICA 856 4 $uhttp://doi.org/10.1007/978-3-030-54230-6$zE-book ? Accesso al full-text attraverso riconoscimento IP di Ateneo, proxy e/o Shibboleth 899 $aBIBLIOTECA DEL DIPARTIMENTO DI MATEMATICA E FISICA$1IT-CE0120$2VAN08 912 $fN 912 $aVAN00282643 950 $aBIBLIOTECA DEL DIPARTIMENTO DI MATEMATICA E FISICA$d08DLOAD e-Book 9626 $e08eMF9626 20241113 996 $aMoon first and Mars second$92830451 997 $aUNICAMPANIA